Britain and the Bolshevik Revolution : a study in the politics of diplomacy, 1920-1924 /

Bibliographic Details
Main Author: White, Stephen, 1945-
Format: Book
Language:English
Published: New York : Holmes & Meier Publishers, 1980
Subjects:

MARC

Tag First Indicator Second Indicator Subfields
LEADER 00000pam a2200000 i 4500
001 in00000039333
005 20151007081645.0
008 790323c19801979nyu b 00110 eng
010 |a  79012128  
020 |a 0841905134 
035 |a (OCoLC)04857514 
035 |9 AAF6721AM 
040 |a DLC  |c DLC  |d TXA  |d UtOrBLW 
043 |a e-uk---  |a e-ur--- 
049 |a TXAM  |c [1405484] 
050 0 0 |a DA47.65  |b .W45 1980 
082 0 |a 327.41/047 
100 1 |a White, Stephen,  |d 1945- 
245 1 0 |a Britain and the Bolshevik Revolution :  |b a study in the politics of diplomacy, 1920-1924 /  |c by Stephen White. 
264 1 |a New York :  |b Holmes & Meier Publishers,  |c 1980 
264 4 |c ©1979 
300 |a xii, 317 pages ;  |c 22 cm. 
336 |a text  |b txt  |2 rdacontent 
337 |a unmediated  |b n  |2 rdamedia 
338 |a volume  |b nc  |2 rdacarrier 
500 |a Includes index. 
504 |a Bibliography: pages [281]-305. 
651 0 |a Great Britain  |x Foreign relations  |z Soviet Union. 
651 0 |a Soviet Union  |x Foreign relations  |z Great Britain. 
651 0 |a Great Britain  |x Foreign economic relations  |z Soviet Union. 
651 0 |a Soviet Union  |x Foreign economic relations  |z Great Britain. 
651 0 |a Great Britain  |x Politics and government  |y 1910-1936. 
999 |a MARS 
999 f f |s 041a0006-9e47-32df-a933-e06a40322de3  |i 0f311417-5828-3085-9dfb-547df6008da4  |t 0 
952 f f |p ric  |a Texas A&M University  |b Rellis Campus  |c Joint Library Facility  |d Remote Storage  |t 0  |e DA47.65 .W45 1980  |h Library of Congress classification  |i unmediated -- volume  |m A14801911112 
998 f f |a DA47.65 .W45 1980  |t 0  |l Remote Storage